000 00666nam a2200205Ia 4500
001 9327
003 GE_BSU
008 181216s||||||||xx |||||||||||||| ||und||
040 _cGE_BSU
100 _aМарк,А.Т. Кржевова,Р.В.
245 _aХимико-технический контроль консервного производства.
245 _bУчебник.
245 _cРед. Л.С.Беликова.
250 _aИзд. 5-е, пере. и дополнен.
260 _aМ.
260 _bПищепромиздат.
260 _c1962.
300 _a435 стр. с илл. 23 см. Библиогр.: стр.424.
942 _cBK
999 _c42623
_d42623